000 00800nam0a22002651 4500
001 v19\rc\1329793
005 20250618065416.0
035 _a(NLR Aleph) 004481301
090 _a4606740
_c4606740
100 _a20060512d1847 |||y0rusy50 ca
101 0 _arus
102 _aRU
105 _ay z |||||
200 1 _aРоссказни о былом на Руси
_fСоч. Ильина
210 _aМосква
_cтип. И. Смирнова
_d1847
215 _a53 с.
_d15
700 1 _aИльин
_bП. П.
_cписатель
_f-1851
_gПавел Петрович
_9201571
_3RU\NLR\AUTH\770201622
801 0 _aRU
_bNLR
_gpsbo
801 0 _aRU
_bRuMoRGB
_2psbo
801 1 _aRU
_bProSoft-M
_2rusmarc
852 _aNLR
_j18.232.2.70
899 _aБАН
899 _aГПИБ
942 _cBOOK
980 _aNB